000 00572nam a2200241Ia 4500
003 OSt
005 20220924152453.0
006 a|||||r|||| 00| 0
007 ta
008 220923b |||||||| |||| 00| 0 mar d
024 _a342639
037 _cTextual
040 _aARTS
_cARTS
_bmar
041 _2mar
_amar
082 _aR635, 155C7
100 _aGondhalkar
_9226755
245 0 _aYogatatva
260 _c1897
300 _a319p.
_ccm.
650 _aPHILOSOPHY
942 _hR635, 155C7
_cTEXL
_2CC
999 _c469931
_d469931